Water, rivers and creeks
Αποθηκεύτηκε σε:
| Κύριος συγγραφέας: | |
|---|---|
| Μορφή: | Βιβλίο |
| Γλώσσα: | English |
| Δημοσίευση: |
Sausalito, California :
University Science Books,
c1997
|
| Θέματα: | |
| Ετικέτες: |
Προσθήκη ετικέτας
Δεν υπάρχουν, Καταχωρήστε ετικέτα πρώτοι!
|
MARC
| LEADER | 00000cam a2200000 i 4500 | ||
|---|---|---|---|
| 001 | 1/19719 | ||
| 008 | 010615s1997 f eng d | ||
| 020 | |a 0-935702-98-9 | ||
| 035 | |l 10066955 | ||
| 040 | |a GR-MY-UA |b gre |e aacr | ||
| 041 | 0 | |a eng | |
| 082 | 0 | |a 551.48 |2 (21) | |
| 100 | 1 | |a Leopold, Luna Bergere |d 1915- | |
| 245 | 1 | 0 | |a Water, rivers and creeks / |c Luna B. Leopold |
| 260 | |a Sausalito, California : |b University Science Books, |c c1997 | ||
| 300 | |a xi, 185 p. |b fig. | ||
| 504 | |a Includes bibliographical references and index | ||
| 650 | 0 | 0 | |a Water. |
| 852 | |a INST |b LESVOS |e 20010615 |h 551.48 LEO |p 005100028823 |q 005100028823 |t BK |y 0 | ||
| 901 | |a BIBL1-2001-2 | ||
| 909 | |a Λ |b 088039 | ||
| 922 | |a 1ΕΛΗ |b 200105 |c ΤΑΚ/ΤΠ |d ΜΙΧΑΛΟΠΟΥΛΟΣ | ||
| 950 | |a 107-2000-12-05 | ||
| 970 | |a ΜΟΥΣΤΑΚΑ |b ΠΗΝΕΛΟΠΗ |z 2001/07/09 | ||